Hỏi đáp về thuế thu nhập doanh nghiệp

Hỏi đáp về thuế thu nhập doanh nghiệp. Luật thuế thu nhập doanh nghiệp của Việt Nam

Na minha lista:
Detalhes bibliográficos
Autor principal: Hồ, Ngọc Cẩn
Formato: Livro
Idioma:Undetermined
Publicado em: Thành phố Hồ Chí Minh Nxb. Thành phố Hồ Chí Minh 1999
Assuntos:
Tags: Adicionar Tag
Sem tags, seja o primeiro a adicionar uma tag!
Thư viện lưu trữ: Trung tâm Học liệu Trường Đại học Cần Thơ
LEADER 00776nam a2200217Ia 4500
001 CTU_39746
008 210402s9999 xx 000 0 und d
020 |c 24000 
082 |a 343.052 
082 |b C121 
100 |a Hồ, Ngọc Cẩn 
245 0 |a Hỏi đáp về thuế thu nhập doanh nghiệp 
245 0 |c Hồ Ngọc Cẩn 
260 |a Thành phố Hồ Chí Minh 
260 |b Nxb. Thành phố Hồ Chí Minh 
260 |c 1999 
520 |a Hỏi đáp về thuế thu nhập doanh nghiệp. Luật thuế thu nhập doanh nghiệp của Việt Nam 
650 |a Taxation 
650 |x Law and legislation 
904 |i Nguyễn Quang Điền 
980 |a Trung tâm Học liệu Trường Đại học Cần Thơ